[Event "CZE-chT2C 1314"]
[Site "Czech Republic"]
[Date "2013.11.17"]
[Round "2.8"]
[White "Soucek, Milan"]
[Black "Stoklasa, Jan"]
[Result "0-1"]
[WhiteElo "2088"]
[BlackElo "2143"]
[PlyCount "76"]
[EventDate "2013.11.03"]
[EventType "team-tourn"]
[EventRounds "11"]
[EventCountry "CZE"]
[SourceTitle "EXT 2015"]
[Source "ChessBase"]
[SourceDate "2014.11.20"]
[SourceVersion "1"]
[SourceVersionDate "2014.11.20"]
[SourceQuality "1"]
[WhiteTeam "Kolin"]
[BlackTeam "Vlasim"]
[WhiteTeamCountry "CZE"]
[BlackTeamCountry "CZE"]

1. e4 c5 2. Nf3 d6 3. d4 Nf6 4. Bd3 cxd4 5. c3 dxc3 6. Nxc3 e6 7. Qe2 Be7 8. 0-0 0-0 9. Rd1 e5 10. Bc4 Nc6 11. h3 a6 12. Be3 b5 13. Bb3 Be6 14. Bxe6 fxe6 15. Rac1 Rc8 16. a4 b4 17. Nb1 Nxe4 18. Qxa6 Qe8 19. Nbd2 Nxd2 20. Rxd2 Nd4 21. Rxc8 Qxc8 22. Qa7 Nxf3+ 23. gxf3 Qe8 24. Qb7 d5 25. Rd1 Rxf3 26. Kg2 Rf8 27. a5 Bh4 28. a6 Qg6+ 29. Kf1 Bxf2 30. Bxf2 Qc2 31. Qb6 Qxd1+ 32. Kg2 Qf3+ 33. Kg1 d4 34. Qxe6+ Kh8 35. Bh4 Qf1+ 36. Kh2 Qe2+ 37. Kg3 Qf2+ 38. Kg4 Rf4+ 0-1

[Event "CZE-chT2C 1112"]
[Site "Czech Republic"]
[Date "2012.04.22"]
[Round "11.4"]
[White "Stoklasa, Jan"]
[Black "Pospisil, Martin"]
[Result "1-0"]
[WhiteElo "2188"]
[BlackElo "2055"]
[PlyCount "120"]
[EventDate "2011.10.09"]
[EventType "team-tourn"]
[EventRounds "11"]
[EventCountry "CZE"]
[SourceTitle "EXT 2013"]
[Source "ChessBase"]
[SourceDate "2012.11.22"]
[SourceVersion "1"]
[SourceVersionDate "2012.11.22"]
[SourceQuality "1"]
[WhiteTeam "Vlasim"]
[BlackTeam "Ricany"]
[WhiteTeamCountry "CZE"]
[BlackTeamCountry "CZE"]

1. e4 c5 2. Nf3 d6 3. d4 cxd4 4. Nxd4 Nf6 5. Nc3 g6 6. Be3 Bg7 7. Bc4 0-0 8. h3 Nc6 9. Qe2 Bd7 10. 0-0-0 a6 11. Bb3 Qc7 12. g4 b5 13. g5 Nh5 14. Nd5 Qb7 15. Nf5 Bxf5 16. exf5 a5 17. Nb6 Ra6 18. Qxb5 Rb8 19. Qd5 Ne5 20. Qxb7 Rxb7 21. f4 Nd7 22. Nxd7 Rxd7 23. fxg6 hxg6 24. Rhg1 e6 25. a4 d5 26. Bc4 Ra8 27. Bb5 Rc7 28. Bb6 Rcc8 29. Rdf1 Bf8 30. Bd4 Bd6 31. Be5 Bxe5 32. fxe5 Ng7 33. Bd3 Rab8 34. Rf4 Re8 35. Rd4 Rbd8 36. Rd1 Rc8 37. c3 Kf8 38. Kb1 Ke7 39. c4 dxc4 40. Bxc4 Red8 41. Rxd8 Rxd8 42. Rxd8 Kxd8 43. Kc2 Nf5 44. Kc3 Ne7 45. Bb5 Nd5+ 46. Kd4 Nf4 47. Bf1 Nd5 48. Kc5 Kc7 49. Kb5 Ne7 50. Bg2 Nf5 51. Be4 Ne3 52. Bd3 Nd1 53. b3 Nf2 54. Bf1 Ne4 55. h4 Nd2 56. Bc4 Nf3 57. Kxa5 Nxe5 58. Kb5 Nf3 59. a5 Nxh4 60. Be2 Nf5 1-0

[Event "CZE-chT2C 1112"]
[Site "Czech Republic"]
[Date "2012.03.25"]
[Round "10.3"]
[White "Stoklasa, Jan"]
[Black "Meduna, Eduard"]
[Result "1/2-1/2"]
[WhiteElo "2188"]
[BlackElo "2420"]
[PlyCount "102"]
[EventDate "2011.10.09"]
[EventType "team-tourn"]
[EventRounds "11"]
[EventCountry "CZE"]
[SourceTitle "EXT 2013"]
[Source "ChessBase"]
[SourceDate "2012.11.22"]
[SourceVersion "1"]
[SourceVersionDate "2012.11.22"]
[SourceQuality "1"]
[WhiteTeam "Vlasim"]
[BlackTeam "Jicin II"]
[WhiteTeamCountry "CZE"]
[BlackTeamCountry "CZE"]

1. e4 c6 2. d4 d5 3. e5 Bf5 4. c3 e6 5. Nf3 Ne7 6. Be2 Nd7 7. Be3 Bg6 8. Nbd2 Nf5 9. Bg5 Be7 10. Bxe7 Qxe7 11. 0-0 0-0 12. Re1 c5 13. dxc5 Qxc5 14. Nb3 Qb6 15. Bd3 Ne7 16. Rb1 a6 17. Re3 Nc5 18. Nxc5 Qxc5 19. Nd4 Nc6 20. Bxg6 hxg6 21. Qd2 Rfc8 22. Rd1 Nxd4 23. Qxd4 Qxd4 24. Rxd4 b5 25. Rh4 Rc4 26. Reh3 Rxh4 27. Rxh4 a5 28. a3 f6 29. exf6 gxf6 30. Rd4 Rd8 31. Kf1 e5 32. Rd1 Kf7 33. a4 bxa4 34. Ra1 Rb8 35. Rxa4 Rxb2 36. Rxa5 Ke6 37. Ra6+ Kf5 38. Rd6 Rb5 39. f3 g5 40. g4+ Kg6 41. Rd7 Rc5 42. Ke2 e4 43. fxe4 dxe4 44. Kd2 e3+ 45. Kxe3 Rxc3+ 46. Rd3 Rc2 47. Rd2 Rc1 48. Kf3 Kf7 49. Re2 Rc5 50. Kg3 Rc3+ 51. Kg2 Rd3 1/2-1/2

[Event "CZE-chT2C 1112"]
[Site "Czech Republic"]
[Date "2011.11.06"]
[Round "2.3"]
[White "Stoklasa, Jan"]
[Black "Filipi, Stepan"]
[Result "0-1"]
[WhiteElo "2188"]
[BlackElo "2136"]
[PlyCount "66"]
[EventDate "2011.10.09"]
[EventType "team-tourn"]
[EventRounds "11"]
[EventCountry "CZE"]
[SourceTitle "EXT 2013"]
[Source "ChessBase"]
[SourceDate "2012.11.22"]
[SourceVersion "1"]
[SourceVersionDate "2012.11.22"]
[SourceQuality "1"]
[WhiteTeam "Vlasim"]
[BlackTeam "Vysehrad II"]
[WhiteTeamCountry "CZE"]
[BlackTeamCountry "CZE"]

1. e4 c5 2. Nf3 e6 3. b4 cxb4 4. d4 d5 5. e5 Bd7 6. a3 Nc6 7. axb4 Bxb4+ 8. c3 Bf8 9. Bd3 a6 10. h4 h6 11. Ba3 Bxa3 12. Nxa3 b5 13. Qd2 Na5 14. 0-0 Nb3 15. Qb2 Nxa1 16. Rxa1 Ne7 17. Nd2 0-0 18. Nb3 Qc7 19. Nc5 Nc6 20. Re1 Rfb8 21. Nc2 a5 22. Ne3 Nxe5 23. dxe5 Qxc5 24. Ng4 b4 25. Re3 bxc3 26. Qc1 c2 27. Bxc2 Rc8 28. Rg3 Qxc2 29. Nxh6+ Kf8 30. Qa3+ Qc5 31. Qf3 Qc1+ 32. Kh2 Qxh6 33. Rg5 Qxh4+ 0-1

[Event "CZE-chT2C 1011"]
[Site "Czech Republic"]
[Date "2011.02.20"]
[Round "8.4"]
[White "Zahorbensky, Jaroslav"]
[Black "Stoklasa, Jan"]
[Result "1/2-1/2"]
[WhiteElo "2131"]
[BlackElo "2157"]
[PlyCount "148"]
[EventDate "2010.10.17"]
[EventType "team-tourn"]
[EventRounds "11"]
[EventCountry "CZE"]
[SourceTitle "EXT 2012"]
[Source "ChessBase"]
[SourceDate "2011.11.24"]
[SourceVersion "1"]
[SourceVersionDate "2011.11.24"]
[SourceQuality "1"]
[WhiteTeam "Bakov nad Jizerou"]
[BlackTeam "Vlasim"]
[WhiteTeamCountry "CZE"]
[BlackTeamCountry "CZE"]

1. e4 d5 2. exd5 Nf6 3. d4 Nxd5 4. c4 Nb6 5. Nf3 Bg4 6. Be2 e6 7. 0-0 Nc6 8. Be3 Bxf3 9. Bxf3 Nxc4 10. Bxc6+ bxc6 11. Qa4 Nb6 12. Qxc6+ Qd7 13. Qc2 Bd6 14. Nc3 0-0 15. Rfd1 c6 16. Rac1 Rfc8 17. Ne4 Nd5 18. Ng5 Nf6 19. Rd3 h6 20. Nf3 Nd5 21. Qa4 Rab8 22. Rb3 Rxb3 23. Qxb3 Qc7 24. Qa4 Qb6 25. b3 a6 26. Bd2 Qb5 27. Qc4 Nb6 28. Qf1 Kf8 29. Rc2 Qxf1+ 30. Kxf1 f6 31. Ke2 Ke7 32. Ne1 Kd7 33. Nd3 Nd5 34. Rc4 Nb6 35. Rc2 Nd5 36. Kf3 g5 37. h3 h5 38. g3 Rb8 39. Ke2 Ra8 40. Ba5 Rb8 41. Rc4 Rb5 42. Bd2 Nb6 43. Rc2 a5 44. Nb2 Nd5 45. Nc4 Bb4 46. a4 Rb8 47. Bxb4 axb4 48. Nb2 h4 49. Kf3 hxg3 50. fxg3 Rh8 51. Rh2 c5 52. dxc5 e5 53. h4 f5 54. Rd2 g4+ 55. Kg2 Ke6 56. Nc4 f4 57. gxf4 exf4 58. Re2+ Kf6 59. Rd2 Rd8 60. c6 Ne3+ 61. Kg1 Rxd2 62. Nxd2 Nd5 63. a5 Kf5 64. a6 f3 65. a7 Nc7 66. h5 Kg5 67. Kf2 Kxh5 68. Kg3 Kg5 69. Ne4+ Kf5 70. Nd6+ Ke6 71. Nb5 Na8 72. Kf2 Nb6 73. Kg3 Na8 74. Kf2 Ke7 1/2-1/2

[Event "Jirasek Memorial op-A"]
[Site "Rakovnik"]
[Date "2009.08.08"]
[Round "1"]
[White "Stoklasa, Jan"]
[Black "Nemec, David"]
[Result "1-0"]
[WhiteElo "2153"]
[BlackElo "1967"]
[PlyCount "63"]
[EventDate "2009.08.08"]
[EventType "swiss"]
[EventRounds "9"]
[EventCountry "CZE"]
[SourceTitle "EXT 2010"]
[Source "ChessBase"]
[SourceDate "2010.11.25"]
[SourceVersion "1"]
[SourceVersionDate "2010.11.25"]
[SourceQuality "1"]

1. e4 e5 2. Bc4 Nf6 3. d4 exd4 4. Nf3 Bc5 5. e5 d5 6. Bb3 Ne4 7. 0-0 Bg4 8. h3 Bh5 9. c3 Nc6 10. g4 Bg6 11. cxd4 Be7 12. Nc3 Nxc3 13. bxc3 h5 14. g5 Qd7 15. Kh2 0-0-0 16. Nh4 Bh7 17. f4 f6 18. Bc2 Bxc2 19. Qxc2 Na5 20. Bd2 Nc4 21. Rae1 fxg5 22. fxg5 Rhf8 23. Ng6 Rxf1 24. Rxf1 Ba3 25. Bf4 Re8 26. Qd3 Re6 27. Bg3 Rb6 28. Rf2 Rb2 29. Rxb2 Bxb2 30. Qf3 Qe8 31. Qf5+ Kb8 32. e6 1-0

[Event "CZE-chTJ 0102"]
[Site "Czech Republic"]
[Date "2002.??.??"]
[Round "3"]
[White "Borkovec, Milan"]
[Black "Stoklasa, Jan"]
[Result "1-0"]
[WhiteElo "2244"]
[BlackElo "2180"]
[PlyCount "67"]
[EventDate "2001.??.??"]
[EventType "team"]
[EventRounds "11"]
[EventCountry "CZE"]
[SourceTitle "EXT 2003"]
[Source "ChessBase"]
[SourceDate "2002.11.25"]
[SourceVersion "1"]
[SourceVersionDate "2002.11.25"]
[SourceQuality "1"]
[WhiteTeam "Tabor II"]
[BlackTeam "Vlasim"]
[WhiteTeamCountry "CZE"]
[BlackTeamCountry "CZE"]

1. e4 d5 2. exd5 Nf6 3. c4 e6 4. d4 exd5 5. Nc3 Nc6 6. Be3 Be7 7. h3 Be6 8. c5 0-0 9. Nf3 Ne4 10. Bd3 f5 11. Bf4 Bf6 12. Bb5 Ne7 13. Be5 Ng6 14. Bxf6 Qxf6 15. Qc2 c6 16. Bd3 b6 17. b4 a5 18. cxb6 axb4 19. Na4 Nf4 20. Bf1 c5 21. Nxc5 Nxc5 22. Qxc5 b3 23. Qc1 Rxa2 24. Rb1 Qe7 25. Qc5 Qd7 26. Bb5 Ra5 27. Qxf8+ Kxf8 28. Bxd7 Bxd7 29. Rxb3 Ra1+ 30. Kd2 Ra2+ 31. Kc1 Bc6 32. Kb1 Ra8 33. Rc1 Ba4 34. b7 1-0

[Event "CZE-chTJ 0102"]
[Site "Czech Republic"]
[Date "2002.??.??"]
[Round "2"]
[White "Stoklasa, Jan"]
[Black "Simek, Petr"]
[Result "1/2-1/2"]
[WhiteElo "2180"]
[BlackElo "2258"]
[PlyCount "61"]
[EventDate "2001.??.??"]
[EventType "team"]
[EventRounds "11"]
[EventCountry "CZE"]
[SourceTitle "EXT 2003"]
[Source "ChessBase"]
[SourceDate "2002.11.25"]
[SourceVersion "1"]
[SourceVersionDate "2002.11.25"]
[SourceQuality "1"]
[WhiteTeam "Vlasim"]
[BlackTeam "Ceske Budejovice"]
[WhiteTeamCountry "CZE"]
[BlackTeamCountry "CZE"]

1. e4 c5 2. Nf3 d6 3. d4 cxd4 4. Qxd4 a6 5. c4 Nc6 6. Qd3 g6 7. Nc3 Bg7 8. Be3 Nf6 9. Be2 0-0 10. Nd4 Bd7 11. f4 b5 12. cxb5 Nxd4 13. Bxd4 axb5 14. 0-0 b4 15. Nd5 Nxd5 16. Bxg7 Nxf4 17. Rxf4 Kxg7 18. Qb3 Qb6+ 19. Kh1 Qc5 20. Bc4 e6 21. Raf1 Rac8 22. Qf3 f5 23. exf5 exf5 24. Rh4 Rfe8 25. Qf4 h5 26. Ba6 Rc6 27. Bd3 Qe3 28. Bb5 Qxf4 29. Rhxf4 Rc7 30. Bxd7 Rxd7 31. Rxb4 1/2-1/2

[Event "CZE-chTJ 0102"]
[Site "Czech Republic"]
[Date "2002.??.??"]
[Round "2"]
[White "Trmal, Jaroslav"]
[Black "Stoklasa, Jan"]
[Result "1-0"]
[WhiteElo "2291"]
[BlackElo "2180"]
[PlyCount "83"]
[EventDate "2001.??.??"]
[EventType "team"]
[EventRounds "11"]
[EventCountry "CZE"]
[SourceTitle "EXT 2003"]
[Source "ChessBase"]
[SourceDate "2002.11.25"]
[SourceVersion "1"]
[SourceVersionDate "2002.11.25"]
[SourceQuality "1"]
[WhiteTeam "Pribram"]
[BlackTeam "Vlasim"]
[WhiteTeamCountry "CZE"]
[BlackTeamCountry "CZE"]

1. Nf3 d5 2. g3 Nc6 3. d4 Bg4 4. Bg2 Nf6 5. 0-0 e6 6. b3 Bd6 7. Bb2 Bxf3 8. exf3 0-0 9. f4 Ne4 10. Re1 Nf6 11. Nd2 Ne7 12. a3 Nf5 13. Qe2 Rc8 14. Bh3 c6 15. Qd3 g6 16. Rad1 Qe7 17. b4 Qc7 18. Nb3 b6 19. Rc1 Be7 20. Nd2 Nd6 21. c4 dxc4 22. Nxc4 Nxc4 23. Rxc4 b5 24. Rc2 Nd5 25. Bg2 Qd7 26. Rec1 Rfd8 27. Qb3 Qb7 28. h4 Bf6 29. Bf3 Rd6 30. h5 Bg7 31. hxg6 hxg6 32. Rc5 Nb6 33. Rxb5 Qd7 34. Rbc5 Bxd4 35. Bxd4 Rxd4 36. Bxc6 Qd6 37. a4 Rd2 38. a5 Qd4 39. Qe3 Rd1+ 40. Rxd1 Qxd1+ 41. Kg2 Nd7 42. Bf3 1-0

[Event "MEX-ch 47th"]
[Site "Irapuato"]
[Date "2001.??.??"]
[Round "6"]
[White "Campos Quintana, Mario Eduardo"]
[Black "Stoklasa, Jan"]
[Result "1/2-1/2"]
[WhiteElo "2353"]
[BlackElo "2180"]
[PlyCount "57"]
[EventDate "2001.04.11"]
[EventType "swiss"]
[EventRounds "7"]
[EventCountry "MEX"]
[SourceTitle "EXT 2002"]
[Source "ChessBase"]
[SourceDate "2001.11.25"]
[SourceVersion "1"]
[SourceVersionDate "2001.11.25"]
[SourceQuality "1"]

1. e4 d5 2. exd5 Nf6 3. d4 Qxd5 4. Nc3 Qa5 5. Bc4 Bg4 6. f3 Bf5 7. Nge2 e6 8. Bd2 c6 9. Bb3 Qc7 10. g4 Bg6 11. Bf4 Bd6 12. Qd2 h6 13. 0-0-0 Nbd7 14. h4 0-0-0 15. Bxd6 Qxd6 16. Qf4 Nb6 17. Qxd6 Rxd6 18. Nf4 Bh7 19. g5 Nfd5 20. Ncxd5 exd5 21. Rde1 Kd8 22. c3 Nd7 23. Kd2 Nf8 24. Re2 Bf5 25. Rg1 Ng6 26. Nxg6 Bxg6 27. Rge1 hxg5 28. hxg5 Rd7 29. Bd1 1/2-1/2

[Event "CZE-ch op"]
[Site "Nymburk"]
[Date "1997.??.??"]
[Round "?"]
[White "Schula, Michal"]
[Black "Stoklasa, Jan"]
[Result "1-0"]
[WhiteElo "2260"]
[BlackElo "2255"]
[PlyCount "77"]
[EventDate "1997.??.??"]
[EventType "swiss"]
[EventRounds "9"]
[EventCountry "CZE"]
[SourceTitle "EXT 1999"]
[Source "ChessBase"]
[SourceDate "1998.11.16"]
[SourceVersion "1"]
[SourceVersionDate "1998.11.16"]
[SourceQuality "1"]

1. e4 c5 2. Nf3 d6 3. d4 cxd4 4. Nxd4 Nf6 5. Nc3 g6 6. Bg5 Bg7 7. Bb5+ Bd7 8. Qe2 Nc6 9. 0-0-0 Rc8 10. Bxc6 bxc6 11. f4 0-0 12. e5 dxe5 13. fxe5 Nd5 14. Nxd5 cxd5 15. Rhf1 Rb8 16. c3 Rb6 17. Rf2 a5 18. Qe3 a4 19. a3 Qc7 20. Re1 Qc4 21. Kb1 Qc5 22. Ka1 Rfb8 23. Nf5 Qxe3 24. Nxe7+ Kf8 25. Rxe3 Re6 26. Nxd5 Bxe5 27. Bh6+ Ke8 28. g3 Rd8 29. Bg5 Rc8 30. Rfe2 Bd6 31. Nf6+ Kd8 32. Nd5+ Ke8 33. Nf6+ Kd8 34. Nxh7+ Kc7 35. Nf6 Rxe3 36. Rxe3 Rh8 37. Nxd7 Rxh2 38. Nf6 Bxa3 39. bxa3 1-0

[Event "CZE-chT1c 9697"]
[Site "Czech Republic"]
[Date "1997.??.??"]
[Round "?"]
[White "Stoklasa, Jan"]
[Black "Stluka, Petr"]
[Result "1-0"]
[WhiteElo "2255"]
[BlackElo "2250"]
[PlyCount "70"]
[EventDate "1996.??.??"]
[EventType "team"]
[EventRounds "11"]
[EventCountry "CZE"]
[SourceTitle "EXT 1998"]
[Source "ChessBase"]
[SourceDate "1997.11.17"]
[SourceVersion "1"]
[SourceVersionDate "1997.11.17"]
[SourceQuality "1"]

1. e4 c6 2. d4 d5 3. exd5 cxd5 4. c4 Nf6 5. Nc3 g6 6. cxd5 Bg7 7. Bc4 0-0 8. Nge2 b6 9. 0-0 Bb7 10. Nf4 Na6 11. Re1 Nc7 12. Nd3 Ncxd5 13. Ne5 Rc8 14. Qb3 e6 15. Bg5 Nxc3 16. bxc3 Qc7 17. Bh4 Nd5 18. Bxd5 Bxd5 19. Qd1 f6 20. c4 Bxc4 21. Ng4 Bd5 22. Qd2 Qc3 23. Qxc3 Rxc3 24. Rac1 Rxc1 25. Rxc1 g5 26. Bg3 f5 27. Bd6 fxg4 28. Bxf8 Bxf8 29. Rc7 a5 30. a4 Bg7 31. Kf1 Bxd4 32. Rc8+ Kg7 33. Rc7+ Kg6 34. h3 gxh3 35. gxh3 h5 1-0

[Event "CZE Czechia-ch"]
[Site "Prague"]
[Date "1995.??.??"]
[Round "?"]
[White "Stoklasa, Jan"]
[Black "Folkova, Martina"]
[Result "1/2-1/2"]
[WhiteElo "2250"]
[BlackElo "2030"]
[PlyCount "44"]
[EventDate "1995.??.??"]
[EventType "swiss"]
[EventRounds "9"]
[EventCountry "CZE"]
[SourceTitle "EXT 1997"]
[Source "ChessBase"]
[SourceDate "1996.11.15"]
[SourceVersion "1"]
[SourceVersionDate "1996.11.15"]
[SourceQuality "1"]

1. e4 e5 2. Nf3 Nc6 3. Bb5 a6 4. Ba4 Nf6 5. 0-0 b5 6. Bb3 Be7 7. Re1 d6 8. h3 Na5 9. Nc3 Bb7 10. d3 0-0 11. Bg5 h6 12. Be3 Nxb3 13. axb3 Nh7 14. b4 Ng5 15. Nxg5 Bxg5 16. Bxg5 Qxg5 17. Qg4 Qe7 18. Re3 Bc8 19. Nd5 Qd8 20. Qh4 c6 21. Rg3 cxd5 22. Qxh6 g6 1/2-1/2